<?xml version="1.0" encoding="UTF-8"?>
<marc:record xmlns:marc="http://www.loc.gov/MARC21/slim">
   <marc:leader>00000nam a2200000 a 4500</marc:leader>
   <marc:datafield ind1="1" ind2=" " tag="100">
      <marc:subfield code="a">Zika, Ulli</marc:subfield>
      <marc:subfield code="4">aut</marc:subfield>
      <marc:subfield code="e">Verfasser/-in</marc:subfield>
   </marc:datafield>
   <marc:datafield ind1=" " ind2=" " tag="653">
      <marc:subfield code="a">vegane und vegetarische Rezepte</marc:subfield>
   </marc:datafield>
   <marc:datafield ind1=" " ind2=" " tag="653">
      <marc:subfield code="a">pflanzliches Eiweiß</marc:subfield>
   </marc:datafield>
   <marc:datafield ind1=" " ind2=" " tag="653">
      <marc:subfield code="a">hoher Eiweißgehalt</marc:subfield>
   </marc:datafield>
   <marc:datafield ind1=" " ind2=" " tag="653">
      <marc:subfield code="a">Hülsenfrüchte</marc:subfield>
   </marc:datafield>
   <marc:datafield ind1=" " ind2=" " tag="653">
      <marc:subfield code="a">ohne Fleisch</marc:subfield>
   </marc:datafield>
   <marc:datafield ind1=" " ind2=" " tag="653">
      <marc:subfield code="a">Nüsse</marc:subfield>
   </marc:datafield>
   <marc:datafield ind1=" " ind2=" " tag="653">
      <marc:subfield code="a">Pilze</marc:subfield>
   </marc:datafield>
   <marc:datafield ind1=" " ind2=" " tag="653">
      <marc:subfield code="a">Tofu</marc:subfield>
   </marc:datafield>
   <marc:datafield ind1=" " ind2=" " tag="653">
      <marc:subfield code="a">Softcover / Ratgeber/Gesundheit/Ernährung</marc:subfield>
   </marc:datafield>
   <marc:datafield ind1="0" ind2="0" tag="245">
      <marc:subfield code="a">Grünes Eiweiß</marc:subfield>
   </marc:datafield>
   <marc:datafield ind1="0" ind2="0" tag="245">
      <marc:subfield code="b">60 vegane und vegetarische Rezepte mit Hülsenfrüchten, Pilzen, Getreide und Nüssen</marc:subfield>
   </marc:datafield>
   <marc:datafield ind1="0" ind2="0" tag="245">
      <marc:subfield code="c">Ulli Zika</marc:subfield>
   </marc:datafield>
   <marc:datafield ind1=" " ind2="1" tag="264">
      <marc:subfield code="a">Wien</marc:subfield>
      <marc:subfield code="b">Kneipp-Verlag</marc:subfield>
      <marc:subfield code="c">2015</marc:subfield>
   </marc:datafield>
   <marc:datafield ind1=" " ind2=" " tag="250">
      <marc:subfield code="a">1. Aufl.</marc:subfield>
   </marc:datafield>
   <marc:datafield ind1="1" ind2=" " tag="520">
      <marc:subfield code="a">Angaben aus der Verlagsmeldung

Grünes Eiweiß : 60 vegane und vegetarische Rezepte mit Hülsenfrüchten, Pilzen, Getreide und Nüssen / von Ulli Zika

TRENDTHEMA: PFLANZLICHES EIWEISS Der Wunsch nach einer Reduktion unseres Fleischkonsums wächst. Aber wie kann man sich dann mit ausreichend Eiweiß versorgen? In diesem Kochbuch stellt Ernährungsberaterin und Bestsellerautorin Ulli Zika-Goschler eine Vielzahl von köstlichen Rezepten vor, die ohne Fleisch auskommen und dennoch einen hohen Eiweißgehalt aufweisen. Sie kocht mit Linsen, Bohnen, Kichererbsen, Quinoa, Einkorn, Amarant, Tofu, Pilzen, Samen und Nüssen. Außerdem gibt es eine ausführliche Beschreibung der wertvollen Grundzutaten, Tipps zur Verarbeitung und viele ernährungsphysiologische Informationen rund ums Thema. Aus dem Inhalt: - Eine ausgewogene Ernährung ohne Fleisch - Hülsenfrüchte und Nüsse – die Spitzenreiter unter den Eiweißquellen
</marc:subfield>
   </marc:datafield>
   <marc:datafield ind1=" " ind2=" " tag="020">
      <marc:subfield code="a">9783708806679</marc:subfield>
      <marc:subfield code="9">9783708806679</marc:subfield>
   </marc:datafield>
   <marc:datafield ind1=" " ind2=" " tag="020">
      <marc:subfield code="a">3708806670</marc:subfield>
      <marc:subfield code="9">3708806670</marc:subfield>
   </marc:datafield>
   <marc:datafield ind1=" " ind2=" " tag="041">
      <marc:subfield code="a">ger</marc:subfield>
   </marc:datafield>
   <marc:datafield ind1=" " ind2=" " tag="300">
      <marc:subfield code="a">132 S.</marc:subfield>
   </marc:datafield>
</marc:record>
